Statistics for SAT Words HARD Click Quiz - S #20 - Daily Word Quiz!

Click here to take the quiz!

General Stats

  • This quiz has been taken 49 times
  • The average score is 12 of 16

Answer Stats

HintAnswer% Correct
The practice of kindness and charitySamaritanism
95%
Female prophet or clairvoyantSeeress
95%
Undermine or disrupt an established system; overthrowSubvert
95%
Room within a church for the storage of liturgical items and vestmentsSacristy
93%
Combine to create a cumulative effectSummate
88%
Completely gratify a want or needSate
83%
Ancient Scandinavian poet or bard, known for composing sagas and epicsSkald
83%
Verging on dizziness or disorientationSwimmy
76%
Thin, emaciated, or scrawny person or animalScrag
69%
Trap typically attached to an elastic sapling to ensnare small animalsSpringe
69%
Harsh, loud and grating in tone; discordantStrident
62%
Church official responsible for burials and various maintenance tasksSexton
60%
Irrational or nonsensicalSurd
57%
Self-proclaimed; alleged or purported without established credentialsSoi-disant
55%
Single line or metric unit in verse or poetryStich
48%
A devoted, servile personSpaniel
31%

Score Distribution

Percentile by Number Answered

Percent of People with Each Score

Your Score History

You have not taken this quiz